Summer Olympics - Medalists in Sailing - Statistics

General Stats
  • This quiz has been taken 58 times
    23 since last reset
  • The average score is 30 of 44
Answer Stats
Olympic Teams % Correct
United States
100%
Australia
96%
France
96%
New Zealand
96%
Brazil
91%
China
91%
Germany
91%
Argentina
87%
Italy
87%
Japan
87%
Norway
87%
Russia
87%
Sweden
87%
Finland
83%
Greece
83%
Spain
83%
Canada
78%
Denmark
78%
Ireland
78%
Netherlands
78%
Portugal
78%
Austria
74%
Belgium
74%
Poland
74%
Croatia
70%
Great Britain
70%
Switzerland
70%
Estonia
61%
Soviet Union
61%
Israel
57%
Czech Republic
52%
Hungary
52%
Cyprus
48%
Lithuania
48%
Ukraine
48%
West Germany
48%
East Germany
43%
Peru
43%
Slovenia
43%
Cuba
39%
Bahamas
26%
Hong Kong
26%
Netherlands Antilles
4%
Virgin Islands
4%
No matching quizzes found
Score Distribution
Percent of People with Each Score
Percentile by Number Answered
Your Score History
You have not taken this quiz since the last reset